000 00707 a2200217 4500
999 _c3189
_d3189
020 _a0750613424
050 _aHV3004 FRA 1991
100 _aFraser, W.I.
_eauthor
245 _aHallas' Caring for people with mental handicaps /
_cW.I. Fraser, R.C. MacGillivray and Ann M. Green
250 _a8th ed.
264 _aOxford :
_bButterworth,
_c1991
300 _aix, 406p. :
500 _aIncludes index
650 _aPeople with mental disabilities -- Care
_xGreat Britain
650 _aPsychiatric nursing
650 _aDisabled Persons
650 _a Intellectual Disability
700 _aMacGillivray, R.C.
_eauthor
700 _aGreen, Ann M.
_eauthor
942 _2olc
_cBK
_e8th ed.
_h3004
_iFRA
_kHV